000
00284nam a22001217a 4500
041
_a
ENG
100
_a
Remson.I
245
_a
Numerical Metods In Subsurface Hydrology
260
_a
Delhi
_b
Stanford University
_c
1971
300
_a
388
650
_a
SWCE ( 06 )
856
_u
SWCE ( 06 )
999
_c
2951
_d
2951